| 000 | 01046nam a2200265 i 4500 | ||
|---|---|---|---|
| 003 | DO-SdBNP | ||
| 005 | 20241010102634.0 | ||
| 007 | ta | ||
| 008 | 241010s1967 xxu 000 0 spa d | ||
| 040 |
_aDO-SdBNP _bspa _cBNPHU _erda |
||
| 082 |
_a309.18 _bL767 _222 |
||
| 100 | 1 |
_aLipset, Seymour Martin _911765 _eautor |
|
| 245 | 1 | 0 |
_aElites in Latin America / _cSeymour Martin Lipset, Aldo Solari. |
| 264 | 1 |
_aNew York, Estados Unidos : _bOxford University Press, _c1967. |
|
| 300 |
_axii, 531 páginas, _c20 cm. |
||
| 336 |
_atexto _btxt _2rdacontent |
||
| 337 |
_asin mediación _bn _2rdamedia |
||
| 338 |
_avolumen _bnc _2rdacarrier |
||
| 500 | _a"Resultado de un Seminario sobre Élites y Desarrollo en América Latina celebrado en la Universidad de Montevideo, Uruguay, en junio de 1965. La conferencia fue convocada conjuntamente por los dos editores." | ||
| 504 | _aIncluye referencias bibliográficas. | ||
| 590 | _aInventariado, 2024/ YL | ||
| 700 | 1 |
_4aut. _aSolari, Aldo _eautor _986681 |
|
| 910 | _aYLockward | ||
| 942 |
_2ddc _cLBS1 |
||
| 999 |
_c57810 _d57810 |
||